000
00309 a2200121 4500
005
20250522115829.0
082
_a
658.54 ENR
100
_a
ENRICK, N. L.
245
_a
Managent Operatins Research.
260
_a
New York,
_b
Holt,
_c
1965.
300
_a
x, 320p.: ill.; figure. table
_b
Index
_c
21cm.
942
_2
ddc
_c
BKS
999
_c
2510
_d
2510